Strzelcy bramek w 23 kolejce Premier League w sezonie 20/21. - Statystyki

Ogólne statystyki
  • Ten quiz został rozwiązany 18 razy
  • Średni wynik to 19 z 26
Statystyki odpowiedzi
Mecz Piłkarz % Poprawnych
Liverpool - Manchester City 0:1 Gundogan
100%
Liverpool - Manchester City 1:2 Gundogan
100%
Tottenham - West Brom 1:0 Kane
100%
Liverpool - Manchester City 1:1 Salah
100%
Tottenham - West Brom 2:0 Son
100%
Leeds - Crystal Palace 2:0 Bamford
94%
Manchester United - Everton 2:0 Fernandes
94%
Liverpool - Manchester City 1:3 Sterling
94%
Aston Villa - Arsenal 1:0 Watkins
94%
Manchester United - Everton 3:3 Calvert-Lewin
89%
Liverpool - Manchester City 1:4 Foden
89%
Manchester United - Everton 1:0 Cavani
83%
Sheffield United - Chelsea 1:2 Jorginho
83%
Manchester United - Everton 2:2 James
78%
Manchester United - Everton 3:2 McTominay
78%
Sheffield United - Chelsea 0:1 Mount
72%
Sheffield United - Chelsea 1:1 (bramka samobójcza) Rudiger
72%
Leeds - Crystal Palace 1:0 Harrison
67%
Newcastle - Southampton 3:2 Ward-Prowse
67%
Manchester United - Everton 2:1 Doucoure
56%
Newcastle - Southampton 2:0 Almiron
50%
Newcastle - Southampton 3:1 Almiron
50%
Burnley - Brighton 0:1 Dunk
50%
Newcastle - Southampton 2:1 Minamino
33%
Newcastle - Southampton 1:0 Willock
33%
Burnley - Brighton 1:1 Gudmundsson
17%
Nie znaleziono quizów pasujących do podanych kryteriów
Rozkład punktacji
Procent ludzi z każdym wynikiem
Percentyl według liczby udzielonych odpowiedzi
Twoja historia wyników
Nie rozwiązałeś tego quizu